Diccionario de bibliología y ciencias afines : terminología relativa a archivística, bibliofilia, bibliografía, bibliología... /
Zapisane w:
| 1. autor: | |
|---|---|
| Format: | Książka |
| Język: | hiszpański |
| Wydane: |
Madrid, España :
Fundación Germán Sánchez Ruipérez : Pirámide,
1989, c1989
|
| Seria: | (Biblioteca del Libro) [s.n.]
|
| Hasła przedmiotowe: | |
| Etykiety: |
Nie ma etykietki, Dołącz pierwszą etykiete!
|
MARC
| LEADER | 00000nam^a2200000^a^4500 | ||
|---|---|---|---|
| 001 | 000300462 | ||
| 005 | 20250521000000.0 | ||
| 009 | 20260310112510.164 | ||
| 020 | |a 84-86168-45-7 | ||
| 020 | |a 84-368-0477-5 | ||
| 037 | |a Acervo ITESO - Biblioteca | ||
| 041 | |a ESP | ||
| 082 | |a 020. 3 |b MAR | ||
| 100 | |a Martínez de Sousa, José |e (autor) | ||
| 240 | 1 | 1 | |a [Diccionario de bibliología y ciencias afines] |
| 245 | 1 | 0 | |a Diccionario de bibliología y ciencias afines : |b terminología relativa a archivística, bibliofilia, bibliografía, bibliología... / |c J. Martínez de Sousa. |
| 264 | 4 | |a Madrid, España : |b Fundación Germán Sánchez Ruipérez : |b Pirámide, |c 1989, c1989 | |
| 300 | |a XIV, 852 p. | ||
| 336 | |a texto |b txt |2 rdacontenido | ||
| 337 | |a sin mediación |b n |2 rdamedio | ||
| 338 | |a volumen |b nc |2 rdasoporte | ||
| 440 | 1 | |a (Biblioteca del Libro) [s.n.] | |
| 649 | |a XX | ||
| 650 | |a Documentación - |x Enciclopedias y Diccionarios | ||
| 650 | |a Industria Editorial - |x Enciclopedias y Diccionarios | ||
| 650 | |a Diseño Gráfico - |x Enciclopedias y Diccionarios | ||
| 650 | |a Periodismo - |x Enciclopedias y Diccionarios | ||
| 650 | |a Comunicación Masiva - |x Enciclopedias y Diccionarios | ||
| 650 | |a Códices Prehispánicos - |x Enciclopedias y Diccionarios | ||
| 650 | |a Paleografía - |x Enciclopedias y Diccionarios | ||
| 650 | |a Biblioteconomía - |x Enciclopedias y Diccionarios | ||
| 650 | |a Bibliología - |x Enciclopedias y Diccionarios - |x Tema Principal | ||
| 650 | |a Enciclopedias y Diccionarios | ||
| 910 | |a Fondo General | ||
| 920 | |a Impresos - Libros | ||
| 930 | |a Obras de Referencia | ||
| 940 | |a Biblioteconomía | ||
| 905 | |a 102 | ||
| 901 | |a 0324700100 |b IT2 |c REF |u 20250521 | ||
| 902 | |a https://opac.biblio.iteso.mx/vufind/Record/000300462 | ||